[Event "Lippe Cup-C 08th"]
[Site "Lieme"]
[Date "2011.10.29"]
[Round "3"]
[White "Hochfeldt, Thomas"]
[Black "Menze, Gerold"]
[Result "0-1"]
[WhiteElo "1320"]
[BlackElo "1352"]
[PlyCount "78"]
[EventDate "2011.10.28"]
[EventType "swiss"]
[EventRounds "5"]
[EventCountry "GER"]
[SourceTitle "EXT 2012"]
[Source "ChessBase"]
[SourceDate "2011.11.24"]
[SourceVersion "1"]
[SourceVersionDate "2011.11.24"]
[SourceQuality "1"]

1. e4 e5 2. Nf3 d5 3. exd5 Qxd5 4. Nc3 Qe6 5. Be2 Bd6 6. 0-0 Nc6 7. Re1 Nge7 8. Ng5 Qg6 9. Nge4 Bf5 10. Nxd6+ cxd6 11. d3 0-0-0 12. Ne4 Kb8 13. Bf3 Bxe4 14. Rxe4 f5 15. Bh5 Qe6 16. Re1 g6 17. Bf3 Nd4 18. c3 Nxf3+ 19. Qxf3 Rdg8 20. d4 e4 21. Qe2 d5 22. Bf4+ Ka8 23. Be5 h5 24. Bxh8 Rxh8 25. f3 g5 26. c4 Qf6 27. Rad1 Re8 28. cxd5 Nxd5 29. Qc4 Nf4 30. fxe4 Rd8 31. exf5 Qxf5 32. Qf1 Rf8 33. Qf3 a6 34. Re7 Qb5 35. Re3 g4 36. Qg3 Ne2+ 37. Rxe2 Qxe2 38. Re1 Qxb2 39. Qd6 Qf2+ 0-1

[Event "Lippe Cup-C 08th"]
[Site "Lieme"]
[Date "2011.10.28"]
[Round "1"]
[White "Hochfeldt, Thomas"]
[Black "Bajorski, Marius"]
[Result "1-0"]
[WhiteElo "1320"]
[BlackElo "1062"]
[PlyCount "127"]
[EventDate "2011.10.28"]
[EventType "swiss"]
[EventRounds "5"]
[EventCountry "GER"]
[SourceTitle "EXT 2012"]
[Source "ChessBase"]
[SourceDate "2011.11.24"]
[SourceVersion "1"]
[SourceVersionDate "2011.11.24"]
[SourceQuality "1"]

1. e4 e5 2. Nf3 Nc6 3. Nc3 Nf6 4. d4 exd4 5. Nxd4 Bb4 6. Nxc6 Bxc3+ 7. bxc3 dxc6 8. Qxd8+ Kxd8 9. f3 Re8 10. Bd3 Bd7 11. 0-0 c5 12. c4 a6 13. Bg5 b5 14. Rfe1 Kc8 15. Be3 Re5 16. Rf1 bxc4 17. Bxc4 Be6 18. Bxe6+ fxe6 19. Rad1 Rb8 20. Rd2 Rb2 21. Rfd1 Kb7 22. c3 Rxd2 23. Rxd2 Kc6 24. Rd8 Rh5 25. Bf4 e5 26. Be3 c4 27. Ra8 Kb7 28. Ra7+ Kc6 29. Rxa6+ Kb5 30. Ra7 c5 31. Rxg7 Ne8 32. Rb7+ Kc6 33. Rb2 Nc7 34. h3 Nb5 35. Bd2 Rh4 36. a4 Nc7 37. Kh2 Ne6 38. a5 h6 39. Rb6+ Kd7 40. a6 Nc7 41. g4 Na8 42. Rb7+ Nc7 43. Kg3 Rxh3+ 44. Kxh3 Kc6 45. Rxc7+ Kxc7 46. Bxh6 Kb6 47. g5 Kxa6 48. g6 Ka5 49. g7 Ka4 50. g8Q Kb3 51. Bd2 Kc2 52. Qg2 Kb3 53. Qf1 Kc2 54. Qc1+ Kb3 55. Qb1+ Ka4 56. Qb6 Ka3 57. Qxc5+ Ka2 58. Qxc4+ Ka1 59. Qf1+ Ka2 60. c4 Ka3 61. Qd3+ Kb2 62. Qc3+ Ka2 63. Bc1 Kb1 64. Qb2# 1-0

[Event "Lippe Cup-B 07th"]
[Site "Lieme"]
[Date "2010.10.15"]
[Round "1"]
[White "Bentel, Robin"]
[Black "Hochfeldt, Thomas"]
[Result "1-0"]
[WhiteElo "1630"]
[BlackElo "1347"]
[PlyCount "71"]
[EventDate "2010.10.15"]
[EventType "swiss"]
[EventRounds "5"]
[EventCountry "GER"]
[SourceTitle "EXT 2012"]
[Source "ChessBase"]
[SourceDate "2011.11.24"]
[SourceVersion "1"]
[SourceVersionDate "2011.11.24"]
[SourceQuality "1"]

1. d4 d5 2. c4 c6 3. cxd5 cxd5 4. Nf3 Nc6 5. Nc3 Nf6 6. Bf4 e6 7. e3 Be7 8. Bd3 0-0 9. 0-0 Nh5 10. Bg3 Nxg3 11. hxg3 a6 12. a3 Qd6 13. Rc1 b6 14. Qc2 f5 15. Nb5 Qb8 16. Qxc6 axb5 17. Bxb5 Ra7 18. Qc2 Bd6 19. Qb3 Bd7 20. Bxd7 Rxd7 21. Rc6 Rb7 22. Qb5 Qd8 23. Rfc1 Qd7 24. Qa6 Rfb8 25. Kf1 h6 26. a4 Rc7 27. Rxc7 Bxc7 28. Qa7 Rc8 29. Ne5 Qd8 30. Qb7 Kh7 31. Nf7 Qd7 32. Nd6 Rd8 33. Rxc7 Qxd6 34. Rxg7+ Kh8 35. Rh7+ Kg8 36. Qf7# 1-0

[Event "Lippe Cup 06th"]
[Site "Lieme"]
[Date "2009.10.18"]
[Round "4"]
[White "Rackisch, Matthias"]
[Black "Hochfeldt, Thomas"]
[Result "1-0"]
[WhiteElo "1486"]
[BlackElo "1318"]
[PlyCount "127"]
[EventDate "2009.10.16"]
[EventType "swiss"]
[EventRounds "5"]
[EventCountry "GER"]
[SourceTitle "EXT 2013"]
[Source "ChessBase"]
[SourceDate "2012.11.22"]
[SourceVersion "1"]
[SourceVersionDate "2012.11.22"]
[SourceQuality "1"]

1. e4 e5 2. Bc4 Nf6 3. Nc3 d6 4. d3 Be7 5. f4 0-0 6. Nf3 h6 7. fxe5 dxe5 8. Nxe5 Be6 9. Bxe6 fxe6 10. Be3 Nfd7 11. Nxd7 Nxd7 12. Qg4 Rf6 13. 0-0-0 Kh7 14. Rdf1 Rg6 15. Qh3 Bg5 16. Rhg1 Bxe3+ 17. Qxe3 Ne5 18. h3 c6 19. Ne2 Qe7 20. Qf4 Nd7 21. Qf7 Qd6 22. Qf4 e5 23. Qe3 b6 24. g4 Rf8 25. Rf5 Rff6 26. h4 Re6 27. g5 Qe7 28. Qf2 hxg5 29. hxg5 Kg8 30. Qg3 Nf8 31. Rh1 Ref6 32. gxf6 gxf6 33. Qh4 Qg7 34. b3 Ne6 35. Rh5 Ng5 36. Rh8+ Kf7 37. Ra8 Ke6 38. Re8+ Kd7 39. Ra8 Kd6 40. Rd8+ Kc7 41. Ra8 Kb7 42. Rd8 Qc7 43. Qh5 Rg7 44. Rf8 Rh7 45. Qg4 Rxh1+ 46. Kb2 Rh6 47. Ng3 Rg6 48. Qf5 Nh7 49. Qxg6 Nxf8 50. Qxf6 Nd7 51. Qe7 Nc5 52. Nf5 Qxe7 53. Nxe7 Ne6 54. Ng6 Kc7 55. Nxe5 Kd6 56. Nc4+ Kc7 57. Kc3 c5 58. b4 cxb4+ 59. Kxb4 Kc6 60. Ne5+ Kb7 61. Kc4 Nc5 62. Nf7 Kc6 63. Ne5+ Kd6 64. Nf3 1-0

[Event "Lippe Cup 05th"]
[Site "Lieme"]
[Date "2008.09.27"]
[Round "3"]
[White "Hochfeldt, Thomas"]
[Black "Volesky, Anna Katharina"]
[Result "1-0"]
[WhiteElo "1285"]
[BlackElo "837"]
[PlyCount "45"]
[EventDate "2008.09.26"]
[EventType "swiss"]
[EventRounds "5"]
[EventCountry "GER"]
[SourceTitle "EXT 2012"]
[Source "ChessBase"]
[SourceDate "2011.11.24"]
[SourceVersion "1"]
[SourceVersionDate "2011.11.24"]
[SourceQuality "1"]

1. e4 e5 2. Nf3 Nc6 3. Nc3 Bc5 4. Bc4 Nf6 5. 0-0 0-0 6. h3 b6 7. Re1 Bb7 8. a3 Re8 9. b4 Bd4 10. Bb2 Bxc3 11. Bxc3 Nd4 12. d3 d5 13. Ba2 dxe4 14. dxe4 Nxf3+ 15. Qxf3 c5 16. Rad1 Qc7 17. Rd2 Rad8 18. Ree2 Rxd2 19. Bxd2 Qc6 20. c3 Nxe4 21. Rxe4 Qxe4 22. Qxf7+ Kh8 23. Qxe8# 1-0

[Event "Lippe Cup 05th"]
[Site "Lieme"]
[Date "2008.09.26"]
[Round "1"]
[White "Hochfeldt, Thomas"]
[Black "Becker, Andreas2"]
[Result "0-1"]
[WhiteElo "1285"]
[BlackElo "1600"]
[PlyCount "66"]
[EventDate "2008.09.26"]
[EventType "swiss"]
[EventRounds "5"]
[EventCountry "GER"]
[SourceTitle "EXT 2012"]
[Source "ChessBase"]
[SourceDate "2011.11.24"]
[SourceVersion "1"]
[SourceVersionDate "2011.11.24"]
[SourceQuality "1"]

1. e4 d5 2. Nc3 dxe4 3. Nxe4 Qd5 4. Qf3 Qe5 5. Qe3 Nc6 6. Nf3 Qd5 7. Nc3 Qd8 8. Bc4 e6 9. d4 Nb4 10. Qe4 Nf6 11. Qe2 c6 12. a3 Nbd5 13. 0-0 Be7 14. Bg5 Nxc3 15. bxc3 Nd5 16. Qd2 Bxg5 17. Nxg5 h6 18. Ne4 0-0 19. Bd3 b6 20. c4 Nf6 21. Qf4 Qxd4 22. Nxf6+ Qxf6 23. Qxf6 gxf6 24. f4 f5 25. Rf3 Kg7 26. Re1 c5 27. Rfe3 Bb7 28. Rg3+ Kf6 29. Rh3 Rh8 30. Bf1 Rag8 31. Rd3 Ke7 32. Rd2 Rd8 33. Ree2 Rd4 0-1

[Event "Lippe Cup 04th"]
[Site "Lieme"]
[Date "2007.09.29"]
[Round "2"]
[White "Zentner, Raphael"]
[Black "Hochfeldt, Thomas"]
[Result "1-0"]
[WhiteElo "1454"]
[BlackElo "1246"]
[PlyCount "35"]
[EventDate "2007.09.28"]
[EventType "swiss"]
[EventRounds "5"]
[EventCountry "GER"]
[SourceTitle "EXT 2012"]
[Source "ChessBase"]
[SourceDate "2011.11.24"]
[SourceVersion "1"]
[SourceVersionDate "2011.11.24"]
[SourceQuality "1"]

1. e4 e5 2. f4 Nc6 3. Bc4 Nf6 4. Nc3 d6 5. Nf3 a6 6. d3 b5 7. Bb3 Bb7 8. 0-0 Na5 9. fxe5 dxe5 10. Kh1 Nxb3 11. axb3 Bd6 12. Bg5 0-0 13. Nh4 h6 14. Bxf6 gxf6 15. Qh5 Kh7 16. Nf5 Rh8 17. Qxh6+ Kg8 18. Qg7# 1-0